000 00870cam a2200253 a 4500
001 000005150
005 20200929151607.0
008 920728s1988 cu 000 0 spa
010 _a92191588
040 _aDO-SdBNP
_cDLC
082 _aCu861.44
_bG158m
100 1 _aGalindo Lena, Carlos,
_d1929-
_914733
245 1 0 _aMortal como una paloma en pleno vuelo /
_cCarlos Galindo Lena ; nota introductoria y selección de Francisco de Oraá, edición, Raúl Luis.
260 _aLa Habana, Cuba :
_bEditorial Letras Cubanas,
_c1988.
300 _a128 p. ;
_c18 cm.
490 0 _aGiraldilla
650 4 _aPoesía cubana
_95226
650 4 _aTiempo
_xPoesía
_914734
650 4 _aTierra
_xPoesía
_914735
650 4 _aSoldado
_xPoesía
_914736
700 1 _aRaúl, Luis
_eed.
_914737
700 1 _aOraá, Francisco de
_eintr.
_914738
910 _aCatalogación por copia / LC
999 _c4953
_d4953